000 00498nam a2200193Ia 4500
003 OSt
005 20250903131012.0
020 _a0-07-255298-0
040 _cLIBRARY OF CONGRESS
050 _aQR 41.2.T35 2005 C.1
100 _aTALARO, KATHLEEN PARK
245 0 _aFOUNDATIONS IN MICROBIOLOGY
250 _a5
260 _aNEY YORK
_bMCGRAW -HILL
_c2005
300 _aXVII,831P.:ILL
500 _aINCLUDES AND INDEX
600 _a1.MICROBIOLOGY 2. MEDICAL MICROBIOLOGY
942 _cBK
_2lcc
_n0
999 _c194075
_d194075